01526cam a22002054a 4500020001500000040000800015082002500023110001600048245003800064260004700102300003100149490003300180520094300213650003801156650002501194710001601219856006101235942000701296999001701303 a082136071X cDDC a338 THE WOR 2005 Or.2 aWorld Bank.10aWorld Development Indicators 2005 aWashington, D.C. :bThe World Bank,c2005. a1 online resource (440 p.)1 aWorld Development Indicators3 aWorld Development Indicators, the World Bank's respected statistical publication presents the most current and accurate information on global development on both a national level and aggregated globally. This information allows readers to monitor the progress made toward meeting the goals endorsed by the United Nations and its member countries, the World Bank, and a host of partner organizations in September 2001 in their Millennium Development Goals. The print edition of World Development Indicators 2005 allows you to consult over 80 tables and over 800 indicators for 152 economies and 14 country groups, as well as basic indicators for a further 55 economies. There are key indicators for the latest year available, important regional data, and income group analysis. The report contains six thematic presentations of analytical commentary covering: World View, People, Environment, Economy, States and Markets, and Global Links. 4aHealth, Nutrition and Population. 4aPopulation Policies.2 aWorld Bank.40uhttp://elibrary.worldbank.org/content/book/9780821360712 cEK c15589d15589